000 00607nam a22001937a 4500
003 OSt
005 20151106124249.0
008 151106b xxu||||| |||| 00| 0 eng d
020 _a0135706807
040 _cDDC
050 _a658.401
_bAMB 1998
100 _aAmbrosini,V'eronique ;Johnson,Gerry;Scholes Kevan;
_96016
245 _aExploring Techniques of Analysis and Evaluation in Strategic Management
_bExploring Strategic Management;
260 _aUK
_bFinancial Times
_c1998
300 _axxv,284p;
_bill:
_c30cm
504 _aincludes index
650 _aStrategic Management
_94648
942 _2ddc
_cSLOAN
999 _c2445
_d2445